[Event "Budapest Spring Festival 2018"]
[Site "Budapest"]
[Date "2018.04.21"]
[Round "4"]
[White "Cerovic, Danilo"]
[Black "Milanovic, Danilo"]
[Result "0-1"]
[WhiteElo "2330"]
[BlackElo "2488"]
[Annotator "TA"]
[PlyCount "168"]
[EventDate "2018.??.??"]
[EventType "swiss"]
[EventCountry "HUN"]
[SourceTitle "playchess.com"]
[Source "ChessBase"]
[SourceQuality "1"]

{[%evp 9,168,43,66,69,56,54,72,70,74,71,87,85,85,66,68,58,56,74,77,56,65,45,49,41,43,44,49,40,48,49,78,49,57,0,0,0,0,-12,-8,-16,-17,-23,-27,-22,-28,-49,-54,-75,-61,-72,-70,-60,-38,-110,-108,-159,-89,-109,-103,-104,-99,-91,-88,-108,-106,-139,-126,-158,-110,-159,-88,-112,-109,-110,-102,-124,-120,-109,-101,-81,-43,-45,0,0,0,-103,-75,-63,-64,-112,-111,-103,-93,-154,-145,-149,-158,-158,-158,-158,-154,-124,-112,-112,-113,-113,-113,-246,-241,-242,-235,-220,-113,-113,0,-197,-197,-178,-178,-236,-266,-353,-291,-354,-349,-376,-368,-301,-203,-275,-109,-156,0,-240,-255,-246,-169,-128,-113,-114,-114,-247,-252,-452,-452,-452,-452,-437,-415,-404,-420,-406,-373,-343,-306,-286,-272,-299,-299,-2143,-4736]} 1. e4 d5 2. exd5 Qxd5 3. Nf3 Nf6 4. d4 Bf5 5. Be2 Qa5+ 6. Nbd2 {B01: Scandinavian Defence} e6 7. O-O c6 8. Nh4 {White is better.} Bg6 9. Nc4 $146 ({Predecessor:} 9. Nxg6 hxg6 10. h3 Nbd7 11. c3 Rd8 12. a4 Qc7 {½-½ (84) Bellahcene,B (2493)-Repka,C (2475) Balatonszarszo 2017}) 9... Qd8 10. Nxg6 hxg6 11. Bf4 Nbd7 12. h3 Nb6 13. Ne5 Nbd5 14. Bg3 Bd6 15. Bf3 Ne7 16. c3 Qc7 17. Re1 Rd8 18. Qe2 O-O 19. Bh4 b5 20. a4 b4 21. Nd3 (21. Bg5 $14) 21... bxc3 $11 22. bxc3 Qa5 23. Qc2 Nf5 24. Bxf6 gxf6 25. Be4 Ne7 26. Rab1 Rb8 27. c4 Rfd8 28. c5 Bc7 {...Rxb1 is the strong threat.} 29. Qc4 Qd2 30. Rxb8 $1 Rxb8 31. Qc1 (31. Bf3 $15) 31... Qa2 $17 32. Qc3 (32. Qa1 $142 Qxa1 33. Rxa1) 32... Qb3 ({Better is} 32... Rb3 33. Qc4 Qa3) 33. Qxb3 Rxb3 34. Rd1 Kf8 35. Kf1 Ke8 36. Ke2 Kd7 37. Rd2 Ba5 38. Ra2 Kc7 39. g3 Rb8 (39... Bc3 $142 40. Ke3 e5 41. dxe5 fxe5) 40. Ke3 Rd8 41. Rc2 f5 42. Bg2 {[#]} f4+ $1 {[%mdl 512]} 43. Nxf4 Nf5+ 44. Ke4 Rxd4+ 45. Ke5 Bd2 46. Ne2 Rd7 $1 47. Be4 (47. g4 $11 Nh4 48. Bh1) 47... Bh6 (47... Bg5 {is more complex.} 48. Bg2 Bh6 49. Kf6 Bg7+ 50. Kg5 Ne7) 48. Bxf5 Bg7+ ({But not} 48... gxf5 $6 49. Kf6 $14) 49. Ke4 {Black must now prevent Bxg6.} exf5+ {[%mdl 4096] Endgame KRB-KRN} ({Don't do} 49... gxf5+ 50. Kf3 $15) 50. Ke3 Rd5 51. Nf4 ({White has to play} 51. Kf3) 51... Bd4+ 52. Kd3 Rxc5 53. Rxc5 Bxc5 {KB-KN} 54. f3 Bf2 55. g4 fxg4 56. hxg4 Kd6 57. Kc4 Be3 58. Ne2 (58. Nd3 $17 {was called for.}) 58... Ke5 $19 59. Kd3 Bb6 60. Kc4 Kd6 (60... f6 $19 61. Kc3 Be3) 61. Nf4 Be3 (61... Bc5 $17 62. Nd3 Bg1) 62. Ne2 $1 Ke6 $1 63. Kd3 Bb6 64. Nc3 (64. Ke4 $142) 64... Ke5 65. Ne2 {[#]} Kd5 $1 66. Kc3 Kc5 67. Nd4 Ba5+ 68. Kd3 Bd8 69. Nb3+ Kb4 $2 (69... Kd5 $19 {is more deadly.} 70. Nd2 Bc7) 70. Nd4 $17 Kc5 (70... Kxa4 $17 71. Nxc6 Bb6) 71. Nb3+ $1 $19 Kd5 72. Nd2 Ke5 73. Nc4+ Kf4 74. Ke2 Bc7 75. Nb2 {[#]} (75. Kf2 $17) 75... Ke5 $1 76. Kd3 $2 (76. Nd3+ Kd6 77. Ke3) 76... Kd5 77. Nc4 Kc5 78. Kc3 Bg3 79. Kb3 Kd4 80. Na5 Kd5 81. Nc4 Be1 82. Ne3+ Ke5 83. Kc4 Bf2 84. Nd1 $2 (84. Ng2) 84... Bd4 {Precision: White = 51%, Black = 74%.} 0-1

[Event "Budapest Spring Festival 2018"]
[Site "Budapest"]
[Date "2018.04.21"]
[Round "4"]
[White "Dedebas, Emre Emin"]
[Black "Gavrilescu, David"]
[Result "0-1"]
[WhiteElo "2320"]
[BlackElo "2436"]
[Annotator "TA"]
[PlyCount "82"]
[EventDate "2018.??.??"]
[EventType "swiss"]
[EventCountry "HUN"]
[SourceTitle "playchess.com"]
[Source "ChessBase"]
[SourceQuality "1"]

{[%evp 17,82,-48,-44,-66,-59,-95,-107,-102,-102,-102,-107,-113,-92,-170,-108,-125,-108,-141,-145,-147,-146,-147,-159,-141,-151,-150,-150,-158,-147,-189,-169,-181,-130,-119,-139,-124,-139,-128,-160,-166,-133,-225,-217,-341,-348,-460,-345,-334,-333,-333,-316,-344,-336,-314,-306,-304,-309,-647,-597,-837,-819,-1115,-1025,-2218,-2266,-1409,-1421]} 1. d4 d5 2. Bf4 c5 3. e3 cxd4 4. exd4 Nc6 5. c3 Bf5 (5... Nf6 6. Bd3 Bg4 7. Qb3 Qc8 8. Nd2 e6 9. Ngf3 Bh5 10. O-O Be7 11. Rae1 a6 12. Qc2 Bg6 13. Ne5 Nxd4 14. Qa4+ Nc6 15. Nxg6 hxg6 16. Nf3 b5 17. Qd1 Qd7 18. a4 bxa4 19. Qxa4 {1-0 (84) Nakamura,H (2780)-Topalov,V (2749) Saint Louis 2017}) 6. Nd2 {B13: Caro-Kann: Exchange Variation and Panov-Botvinnik Attack} e6 7. Qb3 Qd7 8. Ngf3 f6 9. Be2 g5 {LiveBook: 9 Games} 10. Be3 Bd6 $146 11. h3 h5 12. c4 Nge7 13. c5 Bc7 14. Qa4 Ng6 15. Nb3 (15. b4 $17) 15... O-O-O (15... Kf7 $19 16. Nfd2 a6) 16. O-O-O $17 g4 17. hxg4 hxg4 18. Nfd2 Nf4 19. Bxf4 Bxf4 20. Na5 Nxa5 21. Qxa5 Kb8 22. Qc3 Qa4 23. a3 e5 24. Bd3 Bxd3 $40 {[%mdl 128] Black attacks with force.} (24... Rxh1 $19 25. Rxh1 Be4 26. dxe5 fxe5) 25. Qxd3 Rxh1 ({Don't take} 25... Qxd4 26. Qxd4 exd4 27. g3 $15) 26. Rxh1 Qc4+ ({Of course not} 26... Qxd4 $6 27. Qxd4 exd4 28. Rh4 $11) 27. Qxc4 dxc4 {[%mdl 4096] Endgame KRB-KRN} 28. Kc2 Rxd4 29. Nf1 (29. Nb1 $17 {was necessary.}) 29... Kc7 $19 30. Kc3 (30. Rh8 $142) 30... Kc6 31. Rh7 Kxc5 32. Rc7+ Kb6 33. Rxc4 Rd1 34. Rb4+ Kc6 35. Ne3 Bxe3 36. fxe3 {KR-KR} f5 37. Rc4+ $2 {[#]} (37. a4) 37... Kd5 {Black is clearly winning.} 38. Ra4 a6 39. Rb4 b5 40. a4 Kc5 41. Rb3 Rg1 {Precision: White = 39%, Black = 83%.} 0-1

[Event "Budapest Spring Festival 2018"]
[Site "Budapest"]
[Date "2018.04.21"]
[Round "4"]
[White "Zentai, Peter"]
[Black "Tica, Sven"]
[Result "0-1"]
[WhiteElo "2304"]
[BlackElo "2442"]
[Annotator "TA"]
[PlyCount "100"]
[EventDate "2018.??.??"]
[EventType "swiss"]
[EventCountry "HUN"]
[SourceTitle "playchess.com"]
[Source "ChessBase"]
[SourceQuality "1"]

{[%evp 21,100,0,0,0,0,0,0,0,0,0,0,-14,0,-25,14,-19,-6,-22,-20,-29,-10,-32,-32,-32,-32,-18,-15,-13,-18,-33,-10,-18,12,0,6,0,10,0,-5,-11,-4,-37,-56,-56,-56,-70,-77,-66,-18,-81,-53,-52,-48,-48,-40,-98,-77,-106,-108,-239,-233,-248,-116,-204,-86,-210,-129,-245,-252,-463,-454,-419,-436,-434,-408,-381,-319,-276,-300,-5312,-5509]} 1. d4 Nf6 2. c4 e6 3. Nc3 d5 4. cxd5 exd5 5. Bg5 c6 6. Qc2 h6 7. Bh4 {D36: Queen's Gambit Declined: Exchange Variation: Main line (5 Bg5 c6 6 Qc2)} Be6 (7... Be7 8. e3 O-O 9. Bd3 Re8 10. Nge2 Nh5 11. Bxe7 Qxe7 12. h3 a5 13. a3 Nd7 14. Na4 Qh4 15. g3 Qd8 16. g4 Nhf6 17. Ng3 Nf8 18. O-O-O {1-0 (67) Caruana,F (2799)-Kramnik,V (2803) Douglas 2017}) 8. e3 Nbd7 9. Bd3 g5 10. Bg3 Nh5 11. Nge2 Nxg3 {LiveBook: 20 Games} 12. hxg3 Bg7 $146 ({Predecessor:} 12... Qf6 13. f3 h5 14. O-O-O O-O-O {0-1 (74) Vo,T (2380)-Padmini,R (2324) Riadh 2017}) 13. O-O-O Nf6 14. f3 {[%cal Bf2f3,Bf3f4][%mdl 32]} h5 15. Kb1 Qe7 16. Na4 Nd7 17. Nc1 Qd6 18. f4 Bg4 19. Rde1 O-O-O 20. Bf5 Rde8 21. Nc5 (21. fxg5 {seems wilder.} Bxf5 22. Qxf5 Qe6 23. Qxe6 Rxe6 24. Rhf1) 21... Bxf5 22. Qxf5 Qg6 23. Qxg6 fxg6 24. Nxd7 Kxd7 25. Nd3 gxf4 26. gxf4 b6 27. Rh3 Bf6 28. Rf1 Re4 29. Rg3 Rg8 30. Ne5+ Kd6 31. Kc2 c5 32. Kd3 cxd4 33. exd4 g5 34. Nf7+ Ke7 35. Ne5 (35. fxg5 $11 {remains equal.} Rxd4+ 36. Kc2) 35... Rg7 36. fxg5 Bxe5 37. dxe5 $15 {[%mdl 4096] Endgame KRR-KRR} h4 38. Rgf3 ({White should try} 38. Re3 $15) 38... Rxg5 $17 39. R1f2 Ke6 $1 40. Rf7 (40. Rf8 $17 {was worth a try.}) 40... Rg3+ $19 (40... Kxe5 41. Re7+ Kd6 42. Rxe4 $11) 41. Kc2 Rc4+ ({Not} 41... Kxe5 42. Rxa7 Rc4+ 43. Kd2 $17) (41... Reg4 $1 $19 42. Rh7 Rxg2 43. Rxg2 Rxg2+ 44. Kc3 Rg3+ 45. Kd4 Rg4+ 46. Ke3 Ra4) 42. Kd2 {[#]} (42. Kb1 $17 {is a better defense.}) 42... Rb4 ({Don't take} 42... Kxe5 43. Rxa7 Rcg4 44. Re7+ Kd4 45. Ree2 $17) (42... Rcg4 $1 $19 {has better winning chances.} 43. Rxa7 Rxg2) 43. Kc2 (43. R7f6+ $17 {keeps fighting.} Kxe5 44. R2f5+ Kd4 45. Rf4+ Kc5 46. Rxb4 Rxg2+ 47. Kc3 Rg3+ 48. Kc2 Kxb4 49. Rf4+ Kc5 50. Rxh4) 43... a5 ({But not} 43... Kxe5 44. Rxa7 Rbg4 45. Re7+ Kd6 46. Ree2 $15) 44. R7f5 {[#]} (44. Rf8 $17) 44... Rbg4 $1 45. Rf6+ $2 (45. Rh5 {only move.} Rxg2 46. Rxg2 Rxg2+ 47. Kc3) 45... Kxe5 46. R2f5+ Ke4 47. Rh5 Rxg2+ 48. Kb3 R4g3+ 49. Ka4 Rxb2 {[%csl Ga5][%cal Rb2b4]} 50. a3 $2 (50. Rxh4+ Ke5 51. Rfh6) 50... Rg4 {Precision: White = 23%, Black = 58%.} 0-1

[Event "Budapest Spring Festival 2018"]
[Site "Budapest"]
[Date "2018.04.21"]
[Round "4"]
[White "Losonczi, Marcell"]
[Black "Barski, Radoslaw"]
[Result "0-1"]
[WhiteElo "2256"]
[BlackElo "2432"]
[Annotator "TA"]
[PlyCount "81"]
[EventDate "2018.??.??"]
[EventType "swiss"]
[EventCountry "HUN"]
[SourceTitle "playchess.com"]
[Source "ChessBase"]
[SourceQuality "1"]

{[%evp 30,81,11,7,36,0,28,-13,7,-8,0,0,0,-35,-36,-36,-34,-133,-133,-122,-140,-138,-127,-127,-124,-114,-124,-133,-125,-120,-137,-229,0,0,0,0,0,0,0,0,0,0,0,-4,0,-66,-58,-239,-230,-426,-426,-498,-342,-342]} 1. e4 e5 2. Nf3 Nc6 3. Bb5 a6 4. Ba4 Nf6 5. O-O Be7 6. Re1 b5 7. Bb3 d6 8. c3 O-O 9. h3 Na5 10. Bc2 c5 11. d4 Nd7 12. b3 exd4 {C96: Closed Ruy Lopez: Chigorin Defence: 11 d4, replies other than 11...Qc7} 13. cxd4 Nc6 14. Bb2 cxd4 15. Nxd4 Nxd4 16. Bxd4 {LiveBook: 4 Games} ({Much weaker is} 16. Qxd4 Bf6 $15) 16... Bb7 17. Nc3 Rc8 18. Qd2 $146 ({Find the theoretical novelty and annotate with similar games:} 18. Rc1 Bg5 19. Ra1 Re8 20. Qd3 Ne5 21. Qe2 Nc6 22. Be3 Nb4 23. Qd2 Bxe3 24. Rxe3 Nxc2 25. Qxc2 b4 {0-1 (25) Maslak,A (2180)-Belov,V (2614) Pardubice 2015}) 18... Bf6 19. Ne2 Re8 20. Bxf6 Qxf6 21. Ng3 Qb2 22. Rac1 {With the idea Nf5.} g6 23. Qxd6 (23. Nf1 $15) 23... Nf8 $1 $17 {[%cal Bd7f8,Bf8e6,Be6f4][%mdl 32]} 24. Qd1 Red8 $1 $36 {[%cal Rd8d1][%mdl 2048] Keeping White busy.} 25. Qe2 Ne6 $1 {[%cal Re6d4] ...Nd4 is the strong threat.} ({Don't take} 25... Qxa2 26. Bd1 $17) 26. Bd3 Qxc1 27. Rxc1 Rxc1+ 28. Kh2 Nf4 $1 {[%csl LRd3,LRe2]} 29. Qe3 Nxd3 {[#]} 30. Nf5 {[#]} (30. Nh5 $1 $17 {[%mdl 512] only move.} Rcc8 (30... gxh5 31. Qg5+) 31. Nf6+ Kf8 32. Qh6+ Ke7 33. Qh4) 30... Rc5 $2 (30... Kf8 $1 $19 31. Qg5 Rd7 32. Qh6+ Ke8 33. Ng7+ Kd8 34. Qxh7 Rc8 35. Qh4+ Kc7 36. Qg3+ Kb6 37. Qe3+ Ka5 38. Qd2+ b4) 31. Qh6 $1 $11 {[%csl Gf5][%cal Rh6g7]} Rxf5 $1 32. exf5 {White wants to mate with f6.} Nc5 $1 33. Qe3 Rc8 $1 34. b4 Nd7 35. Qe7 Bc6 36. h4 gxf5 37. h5 (37. Qg5+ $11 Kf8 38. f3) 37... h6 $15 {Strongly threatening ...Kg7.} 38. Kg3 $2 ({White should play} 38. Qd6 $15) 38... Kg7 $19 39. Kf4 $2 (39. f3 {was worth a try.}) 39... Nf6 {Hoping for ...Nd5+.} 40. Qe5 Bd7 41. Kg3 {Precision: White = 42%, Black = 69%.} 0-1

[Event "Budapest Spring Festival 2018"]
[Site "Budapest"]
[Date "2018.04.21"]
[Round "4"]
[White "Mihalik, Agoston"]
[Black "Toth, Ervin"]
[Result "0-1"]
[WhiteElo "2168"]
[BlackElo "2427"]
[Annotator "TA"]
[PlyCount "102"]
[EventDate "2018.??.??"]
[EventType "swiss"]
[EventCountry "HUN"]
[SourceTitle "playchess.com"]
[Source "ChessBase"]
[SourceQuality "1"]

{[%evp 11,102,43,39,53,69,60,45,23,32,19,51,31,83,80,86,55,102,77,61,61,60,-77,-19,-62,-33,-77,-80,-64,-37,-233,-165,-241,-102,-106,-77,-80,13,0,62,102,89,58,285,287,416,429,395,408,391,325,308,316,307,306,288,74,88,105,183,187,260,267,289,277,279,220,212,181,189,104,169,0,0,0,24,0,1,6,47,-820,-802,-694,-801,-29973,-29974,-29986,-29987,-29984,-29985,-29992,-29986,-29993,-29994]} 1. e4 d6 2. d4 g6 3. Nc3 Bg7 4. f4 Nf6 5. Nf3 c6 6. Be3 {B09: Pirc Defence: Austrian Attack} Nbd7 {LiveBook: 9 Games} 7. e5 Ng4 8. Bg1 {White is slightly better.} O-O 9. Bc4 $146 ({Predecessor:} 9. Qd2 Nh6 10. O-O-O b5 11. h3 Nb6 12. g4 a5 13. f5 b4 14. Nb1 Nxf5 15. gxf5 Bxf5 {1-0 (68) Kazakov,M (2445)-Szopka,D (2190) Wroclaw 2004}) 9... b5 10. Bb3 b4 11. Ne2 d5 (11... a5 $14) 12. h3 Nh6 13. Rc1 f6 14. c4 Nb6 15. cxd5 cxd5 16. Kf2 (16. Bf2 $14 {stays ahead.}) 16... Ba6 ({Black should try} 16... Nc4 $1 $17) 17. g3 Nc4 18. Rb1 e6 19. Qe1 g5 20. fxg5 $2 (20. Kg2 $15) 20... fxg5 {Hoping for ...Qe8.} 21. g4 {[#]} (21. Kg2 $142) 21... Qe8 (21... Bxe5 $1 $19 {[%mdl 512] has better winning chances. ( -> ...Qf6)} 22. dxe5 d4) 22. Ng3 $17 Qg6 {And now ...Qd3 would win.} 23. Kg2 Na5 (23... Rab8 $17) 24. Ba4 Rf7 (24... Bd3 $11 25. Rc1 Nc4) 25. Rc1 $1 $14 Bd3 26. Bd1 Raf8 $2 (26... Nc4 $1 $14) 27. b3 $18 Nf5 (27... Be4 $142) 28. gxf5 exf5 {If only Black now had time for ...f4....} 29. e6 Re7 {With the idea ...f4.} 30. Ne5 Bxe5 31. Qxe5 (31. dxe5 $6 f4 $18) 31... f4 32. Bh5 Qxe6 33. Qxe6+ $2 (33. Bf3 $1 $18 {[%cal Rf3d5] is the precise move to win.} Qf7 34. Bxd5 (34. Qxg5+ Kh8 $14) 34... Rxe5 35. Bxf7+ Rxf7 36. dxe5 fxg3 37. Kxg3) 33... Rxe6 $16 34. Nf1 f3+ (34... Nb7 $16 {keeps fighting.}) 35. Kg3 $1 $18 ({Don't take} 35. Bxf3 $6 Rxf3 36. Kxf3 Be4+ 37. Kg4 Bxh1 $16) 35... Nc6 (35... Nb7 $142) 36. Bf2 Ne7 37. Ne3 Be4 38. Bg4 Ra6 39. Rc7 Ng6 {[#]} 40. Nc2 ({White should play} 40. Bc8 $1 $18 {[%cal Rc8a6]} Rxa2 41. Be6+ Kh8 42. Bxd5 Bxd5 43. Nxd5) 40... Nf4 (40... h5 $16) 41. Ra1 $2 (41. Nxb4 $18 Rd6 42. Rxa7) 41... h5 $11 42. Bc8 Ne2+ 43. Kh2 Rg6 44. Ne3 $1 ({Wrong is} 44. Nxb4 $2 g4 $19) 44... g4 45. Nxg4 $2 {[%mdl 8192]} (45. hxg4 $14 hxg4 46. Bxg4 (46. Nxg4 Bf5 $11)) 45... hxg4 $19 46. Bxg4 {[#]} Bf5 $1 47. Bh4 Bxg4 {Black mates.} 48. hxg4 Rxg4 {[%cal Rg4h4]} 49. Kh3 Rg2 {[%cal Re2f4]} 50. Be7 Nf4+ 51. Kh4 Rf5 {Precision: White = 34%, Black = 40%.} 0-1

[Event "Budapest Spring Festival 2018"]
[Site "Budapest"]
[Date "2018.04.21"]
[Round "4"]
[White "Shevchenko, Danylo"]
[Black "Yankelevich, Lev"]
[Result "0-1"]
[WhiteElo "2164"]
[BlackElo "2411"]
[Annotator "TA"]
[PlyCount "96"]
[EventDate "2018.??.??"]
[EventType "swiss"]
[EventCountry "HUN"]
[SourceTitle "playchess.com"]
[Source "ChessBase"]
[SourceQuality "1"]

{[%evp 9,96,-60,-29,-35,-31,-43,-33,-45,-28,-16,0,-49,-41,-75,-75,-76,-47,-55,-64,-133,-141,-139,-133,-122,-110,-134,-132,-133,-127,-125,-123,-140,-126,-130,-119,-125,-109,-138,-135,-147,-139,-154,-154,-154,-154,-142,-149,-255,-250,-264,-265,-267,-263,-274,-256,-263,-228,-344,-330,-334,-208,-285,-281,-285,-271,-266,-226,-225,-219,-352,-343,-343,-343,-408,-409,-397,-402,-490,-489,-571,-579,-521,-499,-1106,-1102,-1103,-1083,-901,-895]} 1. e4 e5 {[%cal Be7e5,Be5d4][%mdl 32]} 2. Nf3 Nc6 3. d4 exd4 4. Bb5 a6 5. Ba4 Bb4+ (5... Nf6 6. O-O Be7 7. Re1 b5 8. Bb3 d6 9. Bd5 Bd7 10. Nxd4 Nxd5 11. Nxc6 Bxc6 12. exd5 Bb7 13. Bg5 f6 14. Bxf6 gxf6 15. Qh5+ Kf8 16. Qh6+ Kf7 17. Qh5+ Kf8 18. Qh6+ Kf7 19. Qh5+ Kf8 {½-½ (19) Baratosi,D (2394)-Georgescu,T (2452) Mamaia 2015}) 6. c3 {C44: Ponziani Opening and Scotch Gambit} dxc3 7. O-O Nge7 8. Nxc3 {Black is slightly better.} Bxc3 9. bxc3 O-O $146 ({Predecessor:} 9... d6 10. Bc2 O-O 11. Nd4 b5 12. Bg5 Nxd4 13. cxd4 {½-½ (30) Keevil,P (2083)-Belanoff,S (2200) LSS email 2014}) 10. Ng5 h6 11. Nh3 d5 $36 {[%mdl 2048] Black is in control.} 12. Qh5 Bxh3 13. Qxh3 dxe4 14. f3 (14. Bc2 $15) 14... Qd3 $17 15. fxe4 Qxh3 16. gxh3 b5 17. Bc2 Ne5 18. a4 N7g6 19. Be3 Rfe8 20. Bd4 f6 21. Kg2 Rec8 22. Bb3+ Kh8 23. Kg3 c5 24. Bxe5 Nxe5 25. Bd5 Rab8 26. axb5 axb5 27. Rfc1 b4 28. cxb4 (28. Rab1 $17) 28... cxb4 $19 ({Don't play} 28... Rxb4 29. Rc3 $17) 29. Rxc8+ Rxc8 $17 {[%mdl 4096] Endgame KRB-KRN} 30. Rb1 Rc3+ 31. Kf2 Rc2+ ({Much less strong is} 31... Rxh3 32. Kg2 $17) 32. Kg3 Nd3 33. Rb3 (33. h4 {was called for.}) 33... Rc3 $19 34. Rb1 Ra3 35. h4 h5 36. Kf3 Kh7 37. Ke3 Ne5+ 38. Bb3 Ng4+ 39. Kd4 (39. Kf3 {was necessary.}) 39... Nxh2 40. Kc4 Nf3 41. Rd1 Nxh4 42. Kxb4 Ra7 43. Rh1 g5 {[%cal Bg7g5,Bg5g4][%mdl 32] Black is clearly winning.} 44. Kc3 Kh6 45. Bd1 Ra3+ 46. Kd4 (46. Bb3 $142) 46... Nf3+ 47. Kd5 g4 48. Rf1 Kg5 {Precision: White = 48%, Black = 94%.} 0-1

[Event "Budapest Spring Festival 2018"]
[Site "Budapest"]
[Date "2018.04.22"]
[Round "5"]
[White "Gledura, Benjamin"]
[Black "Zanan, Evgeny"]
[Result "1-0"]
[WhiteElo "2616"]
[BlackElo "2493"]
[Annotator "TA"]
[PlyCount "77"]
[EventDate "2018.??.??"]
[EventType "swiss"]
[EventCountry "HUN"]
[SourceTitle "playchess.com"]
[Source "ChessBase"]
[SourceQuality "1"]

{[%evp 17,77,15,11,15,26,22,20,18,18,12,25,25,20,14,35,25,31,5,23,11,9,0,32,32,32,32,32,32,34,26,34,25,31,32,57,50,37,45,51,44,57,38,31,18,16,0,36,25,96,94,92,79,74,87,181,147,444,458,456,441,424,416]} 1. e4 e5 2. Nf3 Nc6 3. Bc4 Bc5 4. d3 Nf6 5. O-O O-O 6. h3 d6 7. c3 a5 {C54: Giuoco Piano: 4 c3 Nf6, main lines with 5 d4 and 5 d3} 8. Re1 h6 9. Nbd2 Be6 {LiveBook: 31 Games. The position is equal.} 10. b3 $146 ({Predecessor:} 10. Bb5 Qb8 11. Nh4 Ne7 12. Ndf3 c6 13. Ba4 Qc7 14. d4 Ba7 15. Bc2 {0-1 (33) Bacrot,E (2718)-Ding,L (2778) Liaocheng 2018}) 10... Qb8 11. Nf1 Qa7 12. Be3 Bxe3 13. Nxe3 Rad8 14. Qc2 Rfe8 15. Rad1 Qb8 16. Bb5 Bd7 17. Nc4 b6 18. a4 Qb7 19. Rb1 Na7 20. Bxd7 Rxd7 21. b4 axb4 22. cxb4 b5 23. Na5 Qb6 24. axb5 Nxb5 {[#] Strongly threatening ...Na3.} 25. Ra1 Rdd8 26. Nc6 $1 {[%cal Rc6d8]} Ra8 27. Ra5 Ra6 28. Rc1 {And now Qc4 would win.} Qb7 29. Qc4 Rb6 30. Nd2 {[%cal Bf3d2,Bd2f1,Bf1e3,Be3d5][%mdl 32]} Nd7 31. Ra2 Nf8 32. Nf1 {Ne3 is the strong threat.} Nd7 (32... Ne6 $11 {remains equal.}) 33. Ne3 $36 {[%mdl 2048] [#] Black must now prevent Nd5. White is really pushing.} Nf6 34. Nd5 Nxd5 35. exd5 f5 (35... Qc8 $16) 36. f4 {[%cal Bf2f4,Bf4e5][%mdl 32] aiming for fxe5.} Ra6 $2 {[%mdl 8192]} (36... Qc8 $16 37. fxe5 dxe5) 37. Rxa6 $18 {White is clearly winning.} Qxa6 38. fxe5 Qb6+ 39. d4 {Precision: White = 69%, Black = 44%.} 1-0

[Event "Budapest Spring Festival 2018"]
[Site "Budapest"]
[Date "2018.04.22"]
[Round "5"]
[White "Turov, Maxim"]
[Black "Fenil, Shah"]
[Result "1-0"]
[WhiteElo "2610"]
[BlackElo "2376"]
[Annotator "TA"]
[PlyCount "55"]
[EventDate "2018.??.??"]
[EventType "swiss"]
[EventCountry "HUN"]
[SourceTitle "playchess.com"]
[Source "ChessBase"]
[SourceQuality "1"]

{[%evp 15,55,20,23,0,24,-7,19,11,22,19,19,31,18,-5,141,145,148,57,159,155,147,162,158,152,155,148,148,148,148,148,148,148,254,276,456,432,507,512,503,487,655,475]} 1. e4 c5 2. Nf3 e6 3. g3 Nc6 4. Bg2 Nf6 5. d3 d6 6. O-O Be7 7. Re1 e5 8. c3 O-O {LiveBook: 47 Games} 9. a4 {B30: Sicilian: 2...Nc6 3 Bb5, lines without ...g6} (9. h3 Re8 10. d4 cxd4 11. cxd4 exd4 12. Nxd4 Nxd4 13. Qxd4 Bd7 14. Nc3 Bc6 15. Bf4 Nh5 16. Bd2 Bf6 {1-0 (61) Andreikin,D (2737)-Ladva,O (2510) Tallinn 2016}) 9... a6 10. h3 Rb8 $146 ({Predecessor:} 10... Bd7 11. Bd2 Rb8 12. b4 b5 13. axb5 axb5 14. Na3 cxb4 15. cxb4 {½-½ (15) Blumel,O (2270)-Rehorek,M (2334) Czechia 2007}) 11. d4 {The position is equal.} b5 12. d5 Na5 13. axb5 axb5 14. b4 Nc4 (14... cxb4 $11 15. cxb4 Nc4) 15. bxc5 $16 dxc5 16. Na3 (16. Nbd2 $16 {Strongly threatening Nxc4.} Nxd2 17. Nxe5 (17. Bxd2 Bd6 $11) (17. Nxd2 Qc7 $11) 17... Ndxe4 18. Nc6) 16... Nxa3 (16... Ra8 $14) 17. Nxe5 ({Don't play} 17. Rxa3 $6 Bd6 $14) 17... Nc4 {[#]} 18. Nc6 $1 {[%cal Rc6d8]} Qc7 19. Bf4 Bd6 {[#]} 20. e5 $1 {[%cal Re5d6]} Nxe5 21. Bxe5 Bxe5 22. Rxe5 {Hoping for d6.} Qd6 23. Qe2 $36 {[%mdl 2048] White is really pushing.} Rb6 (23... Rb7 $16 {is a better defense.} 24. Ra6 Kh8) 24. Ra8 $18 {And now Ne7+ would win.} Kh8 $2 (24... Rb7 25. Ne7+ Rxe7 26. Rxe7 Bg4) 25. Re7 {White is clearly winning.} b4 26. Ne5 {[%cal Bc6e5,Be5c4,Bc4d6][%mdl 32]} Rb8 27. Nc4 Bg4 28. Nxd6 {Precision: White = 64%, Black = 19%.} 1-0

[Event "Budapest Spring Festival 2018"]
[Site "Budapest"]
[Date "2018.04.22"]
[Round "5"]
[White "Sedlak, Nikola"]
[Black "Galyas, Miklos"]
[Result "1/2-1/2"]
[WhiteElo "2604"]
[BlackElo "2495"]
[Annotator "TA"]
[PlyCount "61"]
[EventDate "2018.??.??"]
[EventType "swiss"]
[EventCountry "HUN"]
[SourceTitle "playchess.com"]
[Source "ChessBase"]
[SourceQuality "1"]

{[%evp 16,61,17,6,12,3,41,30,34,26,53,48,56,53,67,55,56,35,69,38,40,42,37,18,23,1,16,11,2,0,0,0,0,0,27,28,6,8,4,0,0,0,0,0,0,-20,0,0]} 1. d4 d5 2. Nf3 Nf6 3. g3 c6 4. Bg2 Bg4 5. O-O e6 6. Nbd2 Be7 {D02: 1 d4 d5 2 Nf3 sidelines, including 2...Nf6 3 g3 and 2...Nf6 3 Bf4} 7. Re1 O-O 8. e4 Bh5 9. c3 {LiveBook: 23 Games} a5 10. a4 Na6 11. Qb3 Rb8 12. Ne5 $146 ({Predecessor:} 12. exd5 cxd5 13. Ne5 Nc7 14. Nf1 {0-1 (43) Sale,S (2415)-Beliavsky,A (2650) Nova Gorica 1999}) 12... Nd7 13. Nd3 Bg5 14. h4 Bh6 15. f4 f5 16. e5 Re8 17. Qa3 g6 18. b4 Bf8 19. Rb1 b6 20. Qa2 axb4 21. cxb4 c5 {[%cal Ra6b4]} 22. Ba3 c4 23. b5 cxd3 24. bxa6 Ra8 25. Bxf8 Nxf8 26. Bf1 {The position is equal.} Be2 27. Bxe2 dxe2 28. Rxe2 Rxa6 29. Rb4 Qc7 30. Qb2 Rc8 31. Nf3 {Precision: White = 66%, Black = 60%.} 1/2-1/2